| 000 | nam a22 7a 4500 | ||
|---|---|---|---|
| 999 |
_c29904 _d29904 |
||
| 008 | 181009b xxu||||| |||| 00| 0 eng d | ||
| 020 | _a978070537356 | ||
| 050 | _aREF QA 76.15 .R68 1992 | ||
| 100 | _aRosenberg, Jerry M. | ||
| 245 |
_aMcGraw- Hill Dictionary of information Technology and Computer Acronyms, Initials, and Abbreviations/ _cJerry M.Rosenberg |
||
| 260 |
_aUSA: _bMcGraw-Hill, Inc, _c1992. |
||
| 300 |
_aix,209p. _c18 cm |
||
| 650 |
_aElectronic data processing - Acronyms-Dictionaries _bAbbreviations |
||
| 942 |
_2lcc _cREF_BOOK _hREF QA 76.15 .R68 1992 |
||